LDR 00659naa#a2200181#i#450# 001 EN\\bibl\124881 005 20260604062027.4 011 ## _a2221-3260 100 ## _a20260331b2026####ek#y0engy0150####ca 102 ## _aRU 200 1# _aAn institutional approach to ensuring the sustainability of innovative corporate structures in the regional electric power industry _eJournal article 210 1# _aYaroslavl _cYaroslavl State Technical University _d2026 215 ## _a12 с. 608 ## _aJournal article _2local 700 #1 _aKorechkov _gYuriy Viktorovich 700 #1 _aKvasha _gVladimir Aleksandrovich 700 #1 _aSirotkin _gSyergyey Aleksandrovich 856 4# _atheoreticaleconomy.ru _u